[Event "Titled Tue 10th Jun Early"]
[Site "chess.com INT"]
[Date "2025.06.10"]
[Round "2"]
[White "Madhesh Kumar S"]
[Black "Enkhrii Enkh-Amgalan"]
[Result "1-0"]
[WhiteTitle "CM"]
[BlackTitle "WFM"]
[WhiteElo "2243"]
[BlackElo "2226"]
[WhiteFideId "25168649"]
[BlackFideId "4907272"]
[EventDate "2025.06.10"]

1. e4 e5 2. Nf3 Nc6 3. Bc4 Nf6 4. d3 Be7 5. Nc3 O-O 6. O-O d6 7. a4 Bg4 8. h3
Bh5 9. Nd5 Bxf3 10. Qxf3 Nd4 11. Qd1 Nxd5 12. Bxd5 c6 13. Ba2 Kh8 14. c3 Ne6 15.
Be3 Qd7 16. Qg4 d5 17. exd5 cxd5 18. Qf5 Qd6 19. b4 b6 20. Rac1 Rad8 21. Rfe1 g6
22. Qf3 f5 23. Bh6 Rfe8 24. Re2 Bf6 25. Rce1 Re7 26. h4 Bg7 27. Bxg7+ Nxg7 28.
Qg3 e4 29. Qg5 Rde8 30. dxe4 dxe4 31. Rd2 Qe5 32. Red1 f4 33. Qxe5 Rxe5 34. Rd5
Nf5 35. Rxe5 Rxe5 36. Rd8+ Kg7 37. Rd7+ Kh6 38. g3 fxg3 39. fxg3 Nxg3 40. Bg8
Kh5 41. Rxh7+ Kg4 42. Kf2 e3+ 43. Ke1 Nf5 44. Bf7 Nxh4 45. Rh6 Nf3+ 46. Ke2 g5
47. Bh5+ Kg3 48. Bxf3 g4 49. Rg6 Rf5 50. Rxg4+ Kh3 51. Kxe3 Re5+ 52. Re4 1-0

[Event "Titled Tue 10th Jun Early"]
[Site "chess.com INT"]
[Date "2025.06.10"]
[Round "2"]
[White "Ahmad, Khagan"]
[Black "Elier, Ali"]
[Result "1-0"]
[WhiteTitle "IM"]
[BlackTitle "CM"]
[WhiteElo "2394"]
[BlackElo "2142"]
[WhiteFideId "13431552"]
[BlackFideId "16217543"]
[EventDate "2025.06.10"]

1. d4 d5 2. c4 e6 3. Nf3 Nf6 4. Nc3 c5 5. cxd5 cxd4 6. Qxd4 exd5 7. e4 Nc6 8.
Bb5 Bd7 9. Bxc6 Bxc6 10. e5 Ne4 11. O-O Bc5 12. Qd3 Qb6 13. Be3 Qxb2 14. Nxd5
Bxe3 15. fxe3 O-O-O 16. Ne7+ Kc7 17. Qc4 Qa3 18. Nxc6 Qxe3+ 19. Kh1 bxc6 20.
Rac1 c5 21. Rc2 Qd3 22. Qxd3 Rxd3 23. Rc4 f5 24. exf6 Nxf6 25. Rxc5+ Kb6 26. Rc4
Rhd8 27. Rb1+ Ka5 28. Rc5+ Ka6 29. Rc6+ Ka5 30. h3 Rd1+ 31. Rxd1 Rxd1+ 32. Kh2
Rd7 33. Rc3 Kb4 34. Rb3+ Kc5 35. Ne5 Re7 36. Nd3+ Kc4 37. Nb2+ Kc5 38. Nd3+ Kc4
39. Nf4 Nd5 40. Nh5 a5 41. Ra3 Kb4 42. Rg3 g6 43. Rg4+ Ka3 44. Ng3 Kxa2 45. Ra4+
Kb3 46. Rxa5 Kc4 47. h4 Rb7 48. Ne4 Rb2 49. Nd6+ Kd4 50. Nb5+ Ke4 51. Nd6+ Kd4
52. Kg3 Ne3 53. Nb5+ Kc5 54. Kf3 Nf5 55. Na7+ Kb6 56. Ra4 1-0

[Event "Titled Tue 10th Jun Early"]
[Site "chess.com INT"]
[Date "2025.06.10"]
[Round "2"]
[White "Hernandez Izquierdo, Jose A."]
[Black "Ejsymont, Blanka"]
[Result "1-0"]
[WhiteTitle "IM"]
[BlackTitle "WCM"]
[WhiteElo "2231"]
[BlackElo "1984"]
[WhiteFideId "3527263"]
[BlackFideId "21088268"]
[EventDate "2025.06.10"]

1. e4 c5 2. Nf3 Nc6 3. d4 cxd4 4. Nxd4 d6 5. Nc3 g6 6. f4 Bg7 7. Nxc6 bxc6 8.
Bc4 Nf6 9. e5 dxe5 10. Qxd8+ Kxd8 11. fxe5 Ng4 12. e6 Bxe6 13. Bxe6 fxe6 14. h3
Ne5 15. Bf4 Rf8 16. O-O-O+ Kc8 17. g3 Kb7 18. Rhe1 Nf3 19. Rxe6 Bf6 20. Rd7+ Kc8
21. Rc7+ Kd8 22. Rcxc6 Nd4 23. Nd5 Nxe6 24. Rxe6 Kd7 25. Ra6 g5 26. Be3 Be5 27.
Bxg5 Bxg3 28. Bxe7 Rf1+ 29. Kd2 Rf2+ 30. Kd3 Rc8 31. Rxa7+ Ke6 32. Nc3 Rf3+ 33.
Ke4 Rf7 34. Nd5 Rc4+ 35. Kd3 Rc8 36. c4 Bh4 37. Ra6+ Ke5 38. Bxh4 Rf3+ 39. Ke2
Rxh3 40. Bf6+ Kf5 41. Bd4 Rxc4 42. Ne3+ Ke4 43. Nxc4 Kxd4 44. Nd2 Rh2+ 45. Kd1
h5 46. Kc2 h4 47. Rh6 Ke3 48. Re6+ Kd4 49. Kd1 Kd3 50. Rd6+ Ke3 51. Nf1+ Kf2 52.
Nxh2 h3 53. Rh6 Kg2 54. Rxh3 Kxh3 55. a4 Kxh2 56. a5 Kg3 57. a6 Kf4 58. a7 Ke5
59. a8=Q Kd4 60. Qc8 Kd3 61. b4 Ke3 62. b5 Kd4 63. b6 Kd3 64. b7 Ke3 65. b8=Q
Kd4 66. Qbc7 Kd3 67. Q7d7+ Ke3 68. Qce8+ Kf3 69. Qdf7+ Kg3 70. Qeg8+ Kh3 71.
Qfh7# 1-0

[Event "Titled Tue 10th Jun Early"]
[Site "chess.com INT"]
[Date "2025.06.10"]
[Round "2"]
[White "Dorrance, Adam"]
[Black "Schnaider, Ilan"]
[Result "0-1"]
[WhiteTitle "FM"]
[BlackTitle "IM"]
[WhiteElo "2301"]
[BlackElo "2388"]
[WhiteFideId "2618567"]
[BlackFideId "169013"]
[EventDate "2025.06.10"]

1. c4 Nf6 2. Nc3 g6 3. g3 Bg7 4. Bg2 O-O 5. e4 c5 6. Nge2 Ne8 7. O-O Nc6 8. d3
Nc7 9. f4 Ne6 10. f5 Ned4 11. Nxd4 Nxd4 12. Nd5 d6 13. Bg5 f6 14. Be3 e6 15.
fxe6 Bxe6 16. Bxd4 cxd4 17. Nf4 Bf7 18. Bh3 Qe7 19. Qd2 b5 20. cxb5 Rfb8 21. a4
Qe5 22. Qf2 a6 23. bxa6 Rxa6 24. Rfb1 Bb3 25. Ra3 Kh8 26. a5 Rxa5 27. Rxa5 Qxa5
28. Qxd4 f5 29. Qxd6 Be5 30. Qe7 fxe4 31. dxe4 Bc2 32. Rf1 Bxe4 33. Bg2 Bf5 34.
Nd5 Bxb2 35. Kh1 Bg7 36. Ne3 Bd3 37. Rf7 Qa1+ 38. Nf1 Qd4 39. h4 Bc4 40. Rf4 Qc3
41. Qc7 Be5 42. Qxc4 Qe1 43. Rf3 Qa1 44. Kh2 Rd8 45. Ne3 Bg7 46. Ng4 Qb2 47. Nf6
Bxf6 48. Qf7 Bg7 49. Qe7 Rb8 50. Rf7 Qd4 51. Qe4 Qc3 52. h5 gxh5 53. Rf5 h6 54.
Rxh5 Rb3 55. Rd5 Qxg3+ 0-1

[Event "Titled Tue 10th Jun Early"]
[Site "chess.com INT"]
[Date "2025.06.10"]
[Round "2"]
[White "Todorovic, Bojan"]
[Black "Huseynova, Dinara"]
[Result "0-1"]
[WhiteTitle "FM"]
[BlackTitle "WCM"]
[WhiteElo "2111"]
[BlackElo "1833"]
[WhiteFideId "917087"]
[BlackFideId "13437313"]
[EventDate "2025.06.10"]

1. d4 f5 2. g3 Nf6 3. Bg2 e6 4. c4 Bb4+ 5. Bd2 Be7 6. Nf3 O-O 7. O-O d6 8. Nc3
h6 9. Qc2 Nbd7 10. e4 fxe4 11. Nxe4 Nxe4 12. Qxe4 Nf6 13. Qe2 Qe8 14. Rfe1 Qh5
15. Nh4 Qxe2 16. Rxe2 g5 17. Ng6 Re8 18. Nxe7+ Rxe7 19. Rae1 Rb8 20. f4 g4 21.
f5 Kf7 22. Bxh6 Bd7 23. Bg5 Rbe8 24. Bxb7 exf5 25. Rxe7+ Rxe7 26. Rxe7+ Kxe7 27.
Bxf6+ Kxf6 28. Kf2 c5 29. Ke3 Ba4 30. b3 Bd7 31. dxc5 dxc5 32. Kf4 a5 33. Bg2
Be6 34. h4 gxh3 35. Bxh3 Bd7 36. Bg2 Be6 37. Bd5 Bc8 38. Bc6 Be6 39. Bf3 Bd7 40.
g4 fxg4 41. Bxg4 Bc6 42. Bf3 Bd7 43. Ke4 Bc6+ 44. Ke3 Bd7 45. Kf4 Be6 46. Bc6
Bh3 47. Bb5 Ke6 48. Bc6 Kd6 49. Bd5 Bf1 50. Be4 Be2 51. Kf5 Bf1 52. Kf6 Bh3 53.
Kf7 Kc7 54. Ke7 Kb6 55. Kd6 Bg4 56. Bb1 Bh3 57. a3 Bg4 58. Bc2 Bf3 0-1

[Event "Titled Tue 10th Jun Early"]
[Site "chess.com INT"]
[Date "2025.06.10"]
[Round "2"]
[White "Levi, Eddy L"]
[Black "Vafin, Ayrat"]
[Result "1/2-1/2"]
[WhiteTitle "FM"]
[BlackTitle "FM"]
[WhiteElo "2147"]
[BlackElo "2302"]
[WhiteFideId "3200183"]
[BlackFideId "4146530"]
[EventDate "2025.06.10"]

1. e4 e5 2. Nc3 Bb4 3. Bc4 d6 4. d3 h6 5. h3 Nf6 6. Nf3 O-O 7. O-O Be6 8. Bb3 c6
9. Re1 Nbd7 10. d4 Bxb3 11. axb3 Qe7 12. Bd2 a5 13. Nb1 Bxd2 14. Nbxd2 b5 15. c4
Rfb8 16. Qc2 b4 17. Rad1 Rd8 18. Nf1 g6 19. Ng3 c5 20. dxe5 Nxe5 21. Nxe5 dxe5
22. Rd2 Rd4 23. Rxd4 cxd4 24. Qd2 Kg7 25. f4 Nd7 26. f5 g5 27. Nh5+ Kh7 28. f6
Nxf6 29. Nxf6+ Qxf6 30. Rf1 Qe6 31. Qf2 Kg7 32. h4 Ra6 33. hxg5 hxg5 34. Qg3 f6
35. Qf3 Ra8 36. c5 Rh8 37. Rc1 Qc6 38. Qf5 Rh4 39. Re1 Rf4 40. Qh3 Rh4 41. Qf5
Rf4 42. Qh3 g4 43. Qh4 Qxc5 44. Qh5 d3+ 45. Kh2 d2 46. Rd1 Qf2 47. Qe8 Qh4+ 48.
Kg1 Qe1+ 49. Kh2 Qxd1 50. Qe7+ Kg6 51. Qe8+ Kg7 52. Qe7+ Kh6 53. Qf8+ Kh7 54.
Qf7+ Kh6 55. Qf8+ Kg5 56. Qg7+ Kh5 57. Qh7+ Kg5 58. Qg7+ Kh5 59. Qh7+ Kg5 60.
Qg7+ 1/2-1/2

[Event "Titled Tue 10th Jun Early"]
[Site "chess.com INT"]
[Date "2025.06.10"]
[Round "2"]
[White "Gattani, Sarthak"]
[Black "Mika, Tomasz"]
[Result "0-1"]
[BlackTitle "CM"]
[WhiteElo "1944"]
[BlackElo "2227"]
[WhiteFideId "30995965"]
[BlackFideId "1132970"]
[EventDate "2025.06.10"]

1. d4 Nf6 2. c4 e6 3. Nf3 d5 4. Nc3 Bb4 5. e3 O-O 6. Bd2 c6 7. a3 Bd6 8. Bd3 b6
9. O-O Bb7 10. e4 dxe4 11. Nxe4 Nxe4 12. Bxe4 Nd7 13. Bc2 Nf6 14. Bg5 h6 15. Bh4
c5 16. d5 exd5 17. Qd3 g6 18. cxd5 g5 19. Nxg5 hxg5 20. Bxg5 Re8 21. Qf5 Be7 22.
Rae1 Qxd5 23. Qxd5 Nxd5 24. Bxe7 Rxe7 25. f3 Ne3 26. Kf2 Rd8 27. Rxe3 Rd2+ 28.
Ke1 Red7 29. Re2 Rxe2+ 30. Kxe2 Ba6+ 31. Kf2 Rd2+ 32. Ke1 Re2+ 33. Kd1 Rxc2 34.
Kxc2 Bxf1 35. Kd2 Bxg2 36. Ke3 Kg7 37. Kf2 Bh3 38. Kg3 Be6 39. Kf4 Kf6 40. Ke4
Kg5 41. Ke5 Kh4 42. f4 Kh3 43. f5 Bb3 44. Kd6 Kxh2 45. Kc7 Kg3 46. f6 Kf4 47.
Kb7 b5 48. Kxa7 Kf5 49. Kb6 Kxf6 50. Kxc5 Ke5 51. Kxb5 f5 52. Kb4 Bd5 53. Kc3
Ke4 54. Kd2 f4 55. Ke1 Ke3 56. a4 f3 57. a5 f2+ 58. Kf1 Kf3 59. b3 Bc6 60. a6
Bb5# 0-1

[Event "Titled Tue 10th Jun Early"]
[Site "chess.com INT"]
[Date "2025.06.10"]
[Round "2"]
[White "Gavarrete, Nahun"]
[Black "Diaz Vasquez, Martin"]
[Result "1/2-1/2"]
[WhiteTitle "FM"]
[BlackTitle "CM"]
[WhiteElo "2281"]
[BlackElo "2266"]
[WhiteFideId "8400709"]
[BlackFideId "3410579"]
[EventDate "2025.06.10"]

1. e4 d5 2. exd5 Qxd5 3. Nc3 Qd6 4. Nf3 Nf6 5. d4 a6 6. Be3 e6 7. h3 b5 8. a3
Bb7 9. Bd3 Be7 10. Qe2 Nbd7 11. Bd2 c5 12. Ne4 Nxe4 13. Bxe4 Bxe4 14. Qxe4 O-O
15. O-O Nf6 16. Qe3 cxd4 17. Nxd4 Rfd8 18. Bb4 Qxd4 19. Qxd4 Rxd4 20. Bxe7 Nd5
21. Bc5 Rc4 22. b4 Rxc2 23. a4 Rb8 24. axb5 axb5 25. Ra5 h5 26. Rfa1 Rb2 27. Ra8
Rxa8 28. Rxa8+ Kh7 29. Rb8 Nxb4 30. Rxb5 Nd3 31. Rxb2 Nxb2 32. Kh2 Nd3 33. Be3
e5 34. g4 Kg6 35. Kg3 e4 36. Kh4 hxg4 37. hxg4 Kf6 38. Kg3 Ke5 39. Kh4 f6 40.
Kg3 g5 41. f3 exf3 42. Kxf3 Ne1+ 43. Ke2 Ng2 44. Bc1 Ke4 45. Kf2 Nf4 46. Kg3 Nd3
47. Ba3 Ne5 48. Be7 Nd7 49. Bd8 Ke5 50. Kh3 Nc5 51. Bc7+ Ke4 52. Kg3 Ne6 53. Bd6
Nd4 54. Be7 Ne2+ 55. Kf2 Nf4 56. Bxf6 Ne6 57. Kg3 Ke3 58. Be7 Ke4 59. Bf6 Ke3
60. Ba1 Ke4 61. Bh8 Nf4 62. Bf6 Ne6 63. Bxg5 Nxg5 64. Kh4 Ne6 65. g5 Ke5 66. Kh5
Kf5 67. Kh6 Nxg5 1/2-1/2

[Event "Titled Tue 10th Jun Early"]
[Site "chess.com INT"]
[Date "2025.06.10"]
[Round "2"]
[White "Lazaro Azcutia, Miguel"]
[Black "Garcia, Jhoel"]
[Result "1-0"]
[WhiteTitle "CM"]
[BlackTitle "IM"]
[WhiteElo "2275"]
[BlackElo "2293"]
[WhiteFideId "54538254"]
[BlackFideId "3801110"]
[EventDate "2025.06.10"]

1. e4 c5 2. Nf3 a6 3. c3 d5 4. exd5 Qxd5 5. Na3 e6 6. Nc4 Nd7 7. d4 b5 8. Ne3
Qe4 9. Bd3 Qc6 10. O-O Ngf6 11. a4 Bb7 12. axb5 axb5 13. Rxa8+ Bxa8 14. Qe2 c4
15. Bc2 Bd6 16. Re1 O-O 17. Qf1 Re8 18. h3 e5 19. Nf5 Bf8 20. dxe5 Nd5 21. N3d4
Qb6 22. f4 g6 23. Ng3 Bc5 24. Ne2 b4 25. Kh1 bxc3 26. bxc3 Nxc3 27. Nxc3 Bxd4
28. Ne4 c3 29. Rd1 Bc6 30. Qd3 Bc5 31. Nxc5 Qxc5 32. Qe3 Qa5 33. h4 Qa2 34. Qe2
Ba4 35. Bd3 Qxe2 36. Bxe2 Bxd1 37. Bxd1 Ra8 38. Bg4 Ra1 39. Bxd7 Rxc1+ 40. Kh2
Rd1 41. Ba4 Rd2 42. Kh3 c2 43. Bxc2 Rxc2 44. g4 Rc3+ 45. Kg2 h5 46. gxh5 gxh5
47. f5 f6 48. e6 Kf8 49. Kf2 Ke7 50. Ke2 Rh3 51. Kf2 Rxh4 52. Kg3 Kd6 53. Kxh4
Ke7 54. Kxh5 Kf8 55. Kg6 Ke7 56. Kg7 Ke8 57. Kxf6 Kf8 58. Kg6 Ke8 59. Kg7 Ke7
60. f6+ Kxe6 61. f7 Ke5 62. f8=Q Ke4 63. Kg6 Ke3 64. Kg5 Ke2 65. Kg4 Ke1 66. Qf3
Kd2 67. Kf4 Kc1 68. Qe2 Kb1 69. Ke3 Ka1 70. Kd3 Kb1 71. Kc3 Ka1 72. Qb2# 1-0

[Event "Titled Tue 10th Jun Early"]
[Site "chess.com INT"]
[Date "2025.06.10"]
[Round "2"]
[White "Agarwal, Amaya"]
[Black "Dumanuly, Sultanbeibarys"]
[Result "0-1"]
[WhiteTitle "WCM"]
[BlackTitle "FM"]
[WhiteElo "2004"]
[BlackElo "2212"]
[WhiteFideId "48733580"]
[BlackFideId "13731963"]
[EventDate "2025.06.10"]

1. e4 g6 2. d4 Bg7 3. Nc3 d6 4. Be3 a6 5. Qd2 b5 6. a3 Bb7 7. Bd3 Nd7 8. f4 c5
9. Nf3 c4 10. Be2 e6 11. O-O Ne7 12. Rae1 Nf6 13. e5 Nfd5 14. Bf2 Nxc3 15. Qxc3
Nd5 16. Qd2 Qc7 17. exd6 Qxd6 18. Bg3 Qb6 19. Kh1 O-O 20. Ne5 Rad8 21. c3 Nf6
22. Qc2 Be4 23. Qc1 Qb7 24. Bf3 Bxf3 25. Nxf3 a5 26. Bh4 Rd5 27. Bxf6 Bxf6 28.
Ne5 Rc8 29. Qe3 b4 30. axb4 axb4 31. Ng4 Bg7 32. Qf3 h5 33. Ne3 Rd7 34. Qxb7
Rxb7 35. Nc2 bxc3 36. bxc3 Rb3 37. Rf3 Ra8 38. Nb4 Bxd4 39. cxd4 Rxb4 40. Rc3
Rc8 41. Rec1 Kf8 42. Kg1 Ke7 43. Kf2 Kd6 44. Ke3 Kd5 45. g3 Ra8 46. R1c2 Ra1 47.
Rc1 Rxc1 48. Rxc1 Rb3+ 49. Kd2 Kxd4 50. Rd1 Rb2+ 51. Kc1+ Kc3 52. h4 Rg2 53. Re1
Rxg3 54. Kd1 Kd3 55. Rf1 c3 56. Kc1 Rg2 57. Rd1+ Kc4 58. Re1 Kb3 59. Rd1 Ra2 60.
Kb1 c2+ 0-1

[Event "Titled Tue 10th Jun Early"]
[Site "chess.com INT"]
[Date "2025.06.10"]
[Round "2"]
[White "Tao, Sihan"]
[Black "Novikova, Marharyta"]
[Result "1-0"]
[WhiteTitle "FM"]
[BlackTitle "WCM"]
[WhiteElo "2202"]
[BlackElo "1974"]
[WhiteFideId "30982677"]
[BlackFideId "14109689"]
[EventDate "2025.06.10"]

1. g3 d5 2. Nf3 Nf6 3. Bg2 e6 4. O-O Be7 5. c4 dxc4 6. Qa4+ Bd7 7. Qxc4 Bc6 8.
d4 Nbd7 9. Bf4 Nb6 10. Qc2 Nbd5 11. Nc3 Nxf4 12. gxf4 Nd5 13. e3 O-O 14. Ne5 Be8
15. Rac1 c6 16. Ne4 f6 17. Nd3 Bg6 18. Nec5 Nb4 19. Qc4 Bxc5 20. Nxc5 Qb6 21.
Nd7 Qa5 22. Nxf8 Rxf8 23. a3 Nd3 24. Ra1 Nxb2 25. Qb3 Qb6 26. Qxe6+ Bf7 27. Qe7
Re8 28. Qb4 Qxb4 29. axb4 a6 30. Rfc1 Nc4 31. Bf1 Nd2 32. Rc2 Nf3+ 33. Kg2 Nh4+
34. Kh3 Bg6 35. Rc5 Nf3 36. Be2 Nd2 37. Ra2 Ne4 38. Kg2 Nxc5 39. bxc5 Bf7 40.
Rb2 Re7 41. Rb6 Kf8 42. Bd3 h6 43. h4 Bd5+ 44. Kf1 Ke8 45. Ke2 Kd8 46. f3 Kc7
47. e4 Bf7 48. Ke3 Bh5 49. f5 Bf7 50. Kf4 Bh5 51. e5 Bf7 52. e6 Be8 53. Be4 Bh5
54. d5 cxd5 55. Bxd5 a5 56. Rxb7+ Kd8 57. Rb8+ Kc7 58. Ra8 1-0

[Event "Titled Tue 10th Jun Early"]
[Site "chess.com INT"]
[Date "2025.06.10"]
[Round "2"]
[White "Ashraf, Artin"]
[Black "Schmider, Niklas"]
[Result "1-0"]
[WhiteTitle "FM"]
[BlackTitle "IM"]
[WhiteElo "2407"]
[BlackElo "2421"]
[WhiteFideId "22514805"]
[BlackFideId "12993778"]
[EventDate "2025.06.10"]

1. c4 c5 2. Nf3 Nc6 3. Nc3 Nf6 4. e4 g6 5. d4 Qa5 6. d5 Nb8 7. Bd2 d6 8. h3 Bg7
9. Bd3 O-O 10. O-O a6 11. a3 Qd8 12. b4 Nfd7 13. Rb1 cxb4 14. axb4 a5 15. Ra1
axb4 16. Rxa8 bxc3 17. Be3 Na6 18. Qb1 Ndc5 19. Bc2 Qc7 20. Nd4 Qa5 21. Nb3 Qb4
22. Nxc5 dxc5 23. Qc1 Qxc4 24. Bh6 Nb4 25. Bxg7 Kxg7 26. Ra3 b5 27. Bb3 Qd4 28.
Bd1 Qxe4 29. Qxc3+ Qd4 30. Bf3 Rd8 31. Qe1 Nxd5 32. Ra8 e5 33. Qa5 Nc3 34. Qc7
b4 35. Rxc8 Rxc8 36. Qxc8 e4 37. Bg4 h5 38. Bd7 b3 39. Qb7 c4 40. Be6 Kf6 41.
Qxf7+ Ke5 42. Qg7+ Kxe6 43. Qxg6+ Kd5 44. Qxh5+ Kc6 45. Qe8+ Kc5 46. Qe7+ Kb5
47. Qb7+ Kc5 48. Qa7+ Kd5 49. Qd7+ Kc5 50. Qa7+ Kc6 51. Qa6+ Kd5 52. h4 b2 53.
Qb7+ Ke5 54. Qxb2 e3 55. Qb8+ Ke4 56. Qe8+ Kd3 57. Qxe3+ Qxe3 58. fxe3 Kxe3 59.
h5 Ne2+ 60. Kh2 1-0

[Event "Titled Tue 10th Jun Early"]
[Site "chess.com INT"]
[Date "2025.06.10"]
[Round "2"]
[White "Paduano, Claudio"]
[Black "Birkisson, Bjorn Holm"]
[Result "1-0"]
[WhiteTitle "FM"]
[BlackTitle "CM"]
[WhiteElo "2249"]
[BlackElo "2128"]
[WhiteFideId "2806393"]
[BlackFideId "2310600"]
[EventDate "2025.06.10"]

1. d4 Nf6 2. c4 e6 3. Nf3 Bb4+ 4. Nbd2 O-O 5. a3 Bxd2+ 6. Qxd2 Nc6 7. b4 d6 8.
e3 e5 9. dxe5 Nxe5 10. Nxe5 dxe5 11. Qxd8 Rxd8 12. Bb2 Re8 13. Bd3 Bg4 14. h3
Bh5 15. g4 Bg6 16. Bxg6 hxg6 17. Ke2 Ne4 18. h4 f6 19. Rad1 Rad8 20. c5 Kf7 21.
Rhg1 Rh8 22. f3 Rxd1 23. Rxd1 Rxh4 24. fxe4 Rh2+ 25. Kf3 Rxb2 26. Rd7+ Ke6 27.
Rxc7 b6 28. cxb6 axb6 29. Rc6+ Kd7 30. Rxb6 Rb3 31. Ra6 Kc7 32. Ra7+ Kd6 33.
Rxg7 Rxa3 34. Rxg6 Ke7 35. Rg7+ Kd6 36. b5 Rb3 37. Rb7 Ke6 38. b6 Rb2 39. Rb8
Kf7 40. b7 Kg7 41. Kg3 Rb1 42. Kf2 Rb2+ 43. Ke1 Rb1+ 44. Kd2 Rb2+ 45. Kc3 Rb1
46. Kc4 Rc1+ 47. Kd5 Rb1 48. Kc6 Rc1+ 49. Kd6 Rb1 50. Ke6 Rb6+ 51. Kf5 Rb5 52.
g5 fxg5 53. Kxg5 Rb1 54. Kf5 Rb5 55. Ke6 Kh7 56. Rd8 Rxb7 57. Rd7+ Rxd7 58. Kxd7
Kg6 59. Ke6 Kg7 60. Kxe5 Kf7 61. Kd6 Ke8 62. Ke6 Kd8 63. Kf7 Kd7 64. e5 Kc6 65.
e6 Kd5 66. e7 Ke4 67. e8=Q+ Kf5 68. e4+ 1-0

[Event "Titled Tue 10th Jun Early"]
[Site "chess.com INT"]
[Date "2025.06.10"]
[Round "2"]
[White "Kalyani Sirin"]
[Black "Guerrero Cataldo, Juan Andres"]
[Result "0-1"]
[WhiteTitle "WFM"]
[BlackTitle "CM"]
[WhiteElo "2138"]
[BlackElo "2082"]
[WhiteFideId "33323500"]
[BlackFideId "3421260"]
[EventDate "2025.06.10"]

1. e4 c5 2. Nf3 a6 3. c4 e6 4. Nc3 d6 5. d4 cxd4 6. Nxd4 Nf6 7. Be2 Be7 8. O-O
Nbd7 9. b3 Qc7 10. Bb2 b6 11. Rc1 Bb7 12. f3 Rc8 13. Kh1 h5 14. Qd2 h4 15. Qg5
Nxe4 16. Qxg7 Bf6 17. Qg4 Ne5 18. Nxe6 Ng3+ 19. Qxg3 hxg3 20. Nxc7+ Rxc7 21. h3
Bc8 22. Nd5 Bd8 23. Nxc7+ Bxc7 24. f4 Bxh3 25. gxh3 Rxh3+ 26. Kg2 Rh2+ 27. Kxg3
Rxe2 28. fxe5 Rxb2 29. Rf2 Rxf2 30. Kxf2 dxe5 31. Kf3 Ke7 32. Ke4 Ke6 33. Rf1
Bd6 34. Rf5 f6 35. Rh5 a5 36. Rh6 Be7 37. Rh5 Bc5 38. Rf5 Be7 39. Rf3 Bc5 40.
Rf1 Bb4 41. Rd1 f5+ 42. Kf3 e4+ 43. Kf4 Bd6+ 44. Ke3 Bc5+ 45. Kf4 Bd6+ 46. Ke3
Be5 47. Rd5 Bd6 48. a4 Bc5+ 49. Kf4 Bd6+ 50. Ke3 Be7 51. Rd1 Bg5+ 52. Ke2 f4 53.
Rd5 Be7 54. Rh5 Bc5 55. Rh6+ Ke5 56. Rh1 f3+ 57. Kf1 e3 58. Rh4 e2+ 0-1

[Event "Titled Tue 10th Jun Early"]
[Site "chess.com INT"]
[Date "2025.06.10"]
[Round "2"]
[White "Csonka, Balazs"]
[Black "Genkeswaran, Genivan"]
[Result "1/2-1/2"]
[WhiteTitle "IM"]
[BlackTitle "CM"]
[WhiteElo "2467"]
[BlackElo "2124"]
[WhiteFideId "742910"]
[BlackFideId "5754496"]
[EventDate "2025.06.10"]

1. e4 c6 2. Nc3 d5 3. Nf3 dxe4 4. Nxe4 Nf6 5. Qe2 Nxe4 6. Qxe4 Nd7 7. Bc4 Nf6 8.
Ne5 e6 9. Qe2 Bd6 10. d4 O-O 11. Bg5 c5 12. O-O-O h6 13. Bh4 Qc7 14. Rd3 Nd5 15.
Bg3 cxd4 16. Rxd4 b5 17. Bxd5 exd5 18. Nf3 Be6 19. Rhd1 Rab8 20. Bxd6 Qxd6 21.
Qe5 Qc6 22. R4d2 b4 23. Nd4 Qd7 24. Kb1 a5 25. f4 Qc8 26. f5 Bd7 27. f6 g6 28.
Rd3 Bg4 29. Rc1 Re8 30. Qxd5 a4 31. h3 Be6 32. Nxe6 Rxe6 33. Rf3 Rc6 34. Qd2 Kh7
35. g4 b3 36. axb3 axb3 37. Rxb3 Rxb3 38. cxb3 Rxc1+ 39. Qxc1 Qe6 40. Qc3 Qe4+
41. Ka2 Qa8+ 42. Kb1 Qe4+ 43. Kc1 h5 44. gxh5 Qh1+ 45. Kd2 gxh5 46. Qd3+ Kh6 47.
Qe3+ Kg6 48. b4 Qg2+ 49. Kc3 Qc6+ 50. Kb3 Qd5+ 51. Kc3 Qc6+ 52. Kd2 Qg2+ 53. Qe2
Qxh3 54. Qd3+ Qxd3+ 55. Kxd3 h4 56. Ke4 Kxf6 57. Kf4 Ke6 58. Kg4 Kd5 59. Kxh4
Kc4 60. Kg5 Kxb4 61. Kf6 Kb3 62. Kxf7 Kxb2 1/2-1/2

[Event "Titled Tue 10th Jun Early"]
[Site "chess.com INT"]
[Date "2025.06.10"]
[Round "2"]
[White "Brancaleoni, Maurizio"]
[Black "Kourkoulos-Arditis, Stamatis"]
[Result "1-0"]
[WhiteTitle "FM"]
[BlackTitle "GM"]
[WhiteElo "2185"]
[BlackElo "2580"]
[WhiteFideId "803022"]
[BlackFideId "4221990"]
[EventDate "2025.06.10"]

1. Nf3 d5 2. d4 e6 3. g3 b6 4. Bg2 Bb7 5. O-O Nd7 6. c4 dxc4 7. Qa4 a6 8. Qxc4
Be7 9. Nc3 Ngf6 10. Bg5 O-O 11. Rfd1 Rc8 12. Ne5 Bxg2 13. Kxg2 b5 14. Qb3 Nxe5
15. Bxf6 Nc4 16. Bxe7 Qxe7 17. a4 Na5 18. Qc2 b4 19. Ne4 Rfd8 20. Qc5 Qxc5 21.
Nxc5 Rd6 22. e3 Kf8 23. Rdc1 Ke7 24. Rc2 Rb6 25. Rac1 f6 26. Kf3 Kd6 27. Ne4+
Kd7 28. Nc5+ Ke7 29. Ke2 c6 30. f4 f5 31. Nd3 Nb3 32. Rd1 a5 33. Nc1 Nxc1+ 34.
Rdxc1 Kd6 35. Rc5 Ra6 36. b3 h6 37. h3 g5 38. g4 gxf4 39. exf4 Rg8 40. Kf3 fxg4+
41. hxg4 Rg6 42. Rh1 Ra8 43. Rhh5 Rag8 44. Rh4 Rf6 45. Rxa5 Rgf8 46. g5 hxg5 47.
Rxg5 Rf5 48. Rxf5 exf5 49. Rh7 Kd5 50. Rb7 Kxd4 51. Rxb4+ Kc3 52. Rc4+ Kxb3 53.
Rxc6 Kxa4 54. Rb6 Ka5 55. Rb1 Re8 56. Rb2 Ka4 57. Rb7 Rc8 58. Rf7 Rc3+ 59. Kf2
Kb4 60. Rxf5 Kc4 61. Re5 Kd4 62. Re8 Rc7 63. Kf3 Rf7 64. Rd8+ Kc5 65. Ke4 Re7+
66. Kf5 Rf7+ 67. Ke5 Rd7 68. Rxd7 1-0

[Event "Titled Tue 10th Jun Early"]
[Site "chess.com INT"]
[Date "2025.06.10"]
[Round "2"]
[White "Onur, Cigdem"]
[Black "Villalba, Marcelo"]
[Result "1-0"]
[WhiteTitle "WCM"]
[BlackTitle "IM"]
[WhiteElo "1956"]
[BlackElo "2233"]
[WhiteFideId "6346030"]
[BlackFideId "3701859"]
[EventDate "2025.06.10"]

1. e4 e5 2. Nf3 Nc6 3. Nc3 Nf6 4. Bb5 Nd4 5. Nxd4 exd4 6. e5 dxc3 7. exf6 Qxf6
8. dxc3 Bc5 9. O-O O-O 10. Bd3 d6 11. Qh5 h6 12. Be3 Bxe3 13. fxe3 Qe7 14. Rf3
Qg5 15. Qxg5 hxg5 16. Raf1 Be6 17. Bf5 Rae8 18. Bxe6 Rxe6 19. Kf2 Rfe8 20. Ke2
f6 21. Kd3 d5 22. b4 Re4 23. a4 c6 24. Rb1 b6 25. b5 c5 26. Ra1 a5 27. bxa6 Ra8
28. Rf5 c4+ 29. Kd2 Re5 30. Rxe5 fxe5 31. e4 dxe4 32. Ke3 Rxa6 33. Kxe4 Ra5 34.
Rb1 Rxa4 35. Rxb6 Ra2 36. Rc6 Rxc2 37. Rxc4 Rxg2 38. Kxe5 Rxh2 39. Re4 Kh7 40.
c4 Kg6 41. Ke6 Rc2 42. Kd6 Kf5 43. Rd4 g4 44. c5 g3 45. c6 g2 46. Rd1 Rd2+ 47.
Rxd2 g1=Q 48. c7 Qc1 49. Rd5+ Kf6 50. Rc5 Qf4+ 51. Kc6 Qe4+ 52. Kb6 Qb4+ 53. Kc6
Qa4+ 54. Kb6 Qb3+ 55. Kc6 Qe6+ 56. Kb7 Qd7 57. Kb6 Qc8 58. Rd5 Ke6 59. Rd8 Qxc7+
60. Kxc7 g5 61. Rf8 g4 62. Kc6 Ke5 63. Kc5 g3 64. Kc4 Ke4 65. Kc3 g2 66. Rg8 Ke3
67. Rxg2 1-0